| 000 | 00383nam a2200157Ia 4500 | ||
|---|---|---|---|
| 008 | 221030s9999 xx 000 0 und d | ||
| 020 | _a0070402264 | ||
| 041 | _aEnglish | ||
| 082 |
_a105.23 _bGuh |
||
| 100 | _aAbhijit Guha | ||
| 245 | 0 | _aQuantitative Aptitude For MBA Entrance Examinations | |
| 260 |
_bTMH _aNew Delhi _c2004 |
||
| 300 | _a53.55 | ||
| 650 | _aManagement | ||
| 942 | _cBK | ||
| 999 |
_c86 _d86 |
||